Normal view
MARC view
Entry Topical Term
001 - CONTROL NUMBER
- control field: 27107
003 - CONTROL NUMBER IDENTIFIER
- control field: ARRUPE
005 - DATE AND TIME OF LATEST TRANSACTION
- control field: 20161028105950.0
008 - FIXED-LENGTH DATA ELEMENTS
- fixed length control field: 161028|| aca||aabn | a|a d
040 ## - CATALOGING SOURCE
- Original cataloging agency: ARRUPE
- Transcribing agency: ARRUPE
150 ## - HEADING--TOPICAL TERM
- Topical term or geographic name as entry element: National characteristics, European.
670 ## - SOURCE DATA FOUND
- Source citation: Work cat.: (ARRUPE)0: Benedict XVI, Pope, 1927- 27106, Without roots :, c2006 .